Úlohy manažérskeho účtovníctva v procese riadenia zodpovednostných stredísk v podmienkach konkrétneho podniku diplomová práca

Na minha lista:
Detalhes bibliográficos
Autor principal: Uhrinová, Lenka
Autor Corporativo: Fakulta hospodárskej informatiky EU. Katedra účtovníctva a audítorstva
Outros Autores: Antalová, Renáta
Formato: Livro
Idioma:eslovaco
Publicado em: Bratislava 2018
Tags: Adicionar Tag
Sem tags, seja o primeiro a adicionar uma tag!

MARC

LEADER 00000nbm a2200000 4500
001 0243558
005 20181108092747.4
041 0 |a slo 
044 |a SK 
245 1 0 |a Úlohy manažérskeho účtovníctva v procese riadenia zodpovednostných stredísk v podmienkach konkrétneho podniku  |b diplomová práca  |c Lenka Uhrinová ; školiteľ: Renáta Antalová 
264 1 |a Bratislava  |c 2018 
300 |a 70 s. 
100 1 |a Uhrinová, Lenka 
700 1 |a Antalová, Renáta 
710 2 |a Fakulta hospodárskej informatiky EU. Katedra účtovníctva a audítorstva